Հավանականությունների տեսություն : (Record no. 381421)
[ view plain ]
| 000 -LEADER | |
|---|---|
| fixed length control field | 01666nam a2200253 i 4500 |
| 001 - CONTROL NUMBER | |
| control field | 001193287 |
| 003 - CONTROL NUMBER IDENTIFIER | |
| control field | AM-YeHGA |
| 005 - DATE AND TIME OF LATEST TRANSACTION | |
| control field | 20250617152952.0 |
| 008 - FIXED-LENGTH DATA ELEMENTS--GENERAL INFORMATION | |
| fixed length control field | 161129s2016 ai d|||fr|||||001|0|arm|| |
| 020 ## - INTERNATIONAL STANDARD BOOK NUMBER | |
| International Standard Book Number | 9789939724492 |
| 040 ## - CATALOGING SOURCE | |
| Original cataloging agency | AM-YeHGA |
| 041 ## - LANGUAGE CODE | |
| Language code of text/sound track or separate title | Armenian |
| 090 ## - LOCALLY ASSIGNED LC-TYPE CALL NUMBER (OCLC); LOCAL CALL NUMBER (RLIN) | |
| -- | 383356 |
| 100 1# - MAIN ENTRY--PERSONAL NAME | |
| Personal name | Սաղաթելյան, Վարդան Արշակի |
| 245 10 - TITLE STATEMENT | |
| Title | Հավանականությունների տեսություն : |
| Remainder of title | Ուսումնական ձեռնարկ / |
| Statement of responsibility, etc. | Վ.Ա. Սաղաթելյան ; [Խմբ.՝ Ն.Ա. Խաչատրյան] ; Հայաստանի ազգ. պոլիտեխն. համալսարան, Կիրառական մաթեմատիկայի և ֆիզիկայի ֆակուլտետ, Ընդհանուր մաթեմատիկական կրթության ամբիոն. |
| 260 ## - PUBLICATION, DISTRIBUTION, ETC. | |
| Place of publication, distribution, etc. | Երևան : |
| Name of publisher, distributor, etc. | Ճարտարագետ, |
| Date of publication, distribution, etc. | 2016. |
| 300 ## - PHYSICAL DESCRIPTION | |
| Extent | 94 էջ : |
| Other physical details | գծագրություններ, աղյուսակներ ; |
| Dimensions | 20 սմ. |
| 504 ## - BIBLIOGRAPHY, ETC. NOTE | |
| Bibliography, etc. note | Մատենագիտություն՝ էջ 91: |
| 530 ## - ADDITIONAL PHYSICAL FORM AVAILABLE NOTE | |
| Additional physical form available note | Էլեկտրոնային պաշարը հասանելի է ՀՊՃՀ-ի գրադարանի էլեկտրոնային ընթերցասրահում: |
| Uniform Resource Identifier | <a href="http://libsrv.seua.am/chair_publications/2451E.pdf">http://libsrv.seua.am/chair_publications/2451E.pdf</a> |
| 650 14 - SUBJECT ADDED ENTRY--TOPICAL TERM | |
| Topical term or geographic name entry element | Հավանականությունների տեսություն |
| Form subdivision | Ուսումնական ձեռնարկներ |
| 700 1# - ADDED ENTRY--PERSONAL NAME | |
| Personal name | Խաչատրյան, Ն.Ա |
| Relator term | խմբ. |
| Relationship | edt |
| 710 2# - ADDED ENTRY--CORPORATE NAME | |
| Corporate name or jurisdiction name as entry element | Հայաստանի ազգային պոլիտեխնիկական համալսարան : |
| Subordinate unit | Կիրառական մաթեմատիկայի և ֆիզիկայի ֆակուլտետ : |
| -- | Ընդհանուր մաթեմատիկական կրթության ամբիոն |
| 942 ## - ADDED ENTRY ELEMENTS (KOHA) | |
| Source of classification or shelving scheme | Universal Decimal Classification |
| Koha item type | Գրքեր / Books |
| Withdrawn status | Lost status | Source of classification or shelving scheme | Damaged status | Not for loan | Collection | Home library | Current library | Date acquired | Total checkouts | Full call number | Barcode | Date last seen | Price effective from | Koha item type | Public note |
|---|---|---|---|---|---|---|---|---|---|---|---|---|---|---|---|
| Universal Decimal Classification | General | Fundamental Scientific Library | Fundamental Scientific Library | 18/04/2017 | AII/102231 | FL0445357 | 18/04/2017 | 18/04/2017 | Գրքեր / Books | 30 Days Loan | |||||
| Universal Decimal Classification | General | Fundamental Scientific Library | Fundamental Scientific Library | 18/04/2017 | AII/102232 | FL0445358 | 18/04/2017 | 18/04/2017 | Գրքեր / Books | 30 Days Loan |
ՀՀ Գիտությունների ազգային ակադեմիայի հիմնարար գիտական գրադարան = Fundamental Scientific Library of NAS RA
All site content, except where otherwise noted, is licensed under a